000 02431cam a2200541M 4500
001 82234
005 20230411085915.0
008 091207s2005 enk 000 u eng d
010 _a 2004021966
035 _a(OCoLC)ocm56591329
040 _aDLC
_cDLC
_dC#P
_dUKM
_dAGL
_dBAKER
_dMUQ
_dBTCTA
_dYDXCP
_dMNU
_dNZWHC
_dREDDC
_dIG#
_dEXW
015 _aGBA479765
_2bnb
016 7 _a013032972
_2Uk
019 _a56964506
_a58054683
_a70714889
020 _a0198609612
020 _a9780198609612
035 _a(OCoLC)56591329
_z(OCoLC)56964506
_z(OCoLC)58054683
_z(OCoLC)70714889
042 _apcc
050 1 4 _aR TX 349
_bB458d 2005
082 0 0 _a641.3/03
049 _aGRAL
100 1 _aBender, David A.
245 1 2 _aA dictionary of food and nutrition /
_cDavid A. Bender.
246 3 _aDictionary of food & nutrition
246 1 4 _aOxford dictionary of food & nutrition
250 _a2nd ed.
260 _aOxford [U.K.] ;
_aNew York :
_bOxford University Press,
_c2005.
300 _a583 p. ;
_c20 cm.
440 0 _aOxford paperback reference
500 _aRev. ed. of: A dictionary of food and nutrition / Arnold E. Bender & David A. Bender.
505 0 0 _tDictionary --
_tUnits of measurement --
_tEstimated average requirements for energy --
_tThe vitamins --
_tUS/Canadian Recommended Dietary Allowances (RDA) and Acceptable Intakes (AI), 1997-2001 --
_tEU Population Reference Intakes (PRI) of nutrients, 1993 --
_tUK Reference Nutrient Intakes (RNI), 1991 --
_tRecommended Nutrient Intakes (RNI) for vitamins, FAO 2001 --
_tFood additives permitted in the EU.
650 0 _aFood
_vDictionaries.
650 0 _aNutrition
_vDictionaries.
650 0 _aCooking
_vDictionaries.
650 4 _aNutrición
_vDiccionarios.
650 4 _aAlimentos
_vDiccionarios.
650 6 _aAliments
_vDictionnaires anglais.
650 6 _aNutrition
_vDictionnaires anglais.
650 6 _aCuisine
_vDictionnaires anglais.
700 1 _aBender, Arnold E.
_q(Arnold Eric)
_tDictionary of food and nutrition.
856 4 2 _3Publisher description
_uhttp://www.loc.gov/catdir/enhancements/fy0638/2004021966-d.html
856 4 1 _3Table of contents only
_uhttp://www.loc.gov/catdir/enhancements/fy0638/2004021966-t.html
856 4 1 _uhttp://www.oxfordreference.com/views/BOOK_SEARCH.html?book=t39
856 4 1 _uhttp://www.oxfordreference.com/views/BOOK%5FSEARCH.html?book=t39
942 _2lcc
_cbk
946 _aaa
994 _aC0
_bDRFGD
999 _c109168
_d109168